| 000 | 00697cam a2200205 a 4500 | ||
|---|---|---|---|
| 005 | 20131009044858.0 | ||
| 008 | 880310s1987 ge af bd f000 0 ger | ||
| 020 | _a3323001028 | ||
| 041 | 0 | _ager | |
| 080 | _a007.52 | ||
| 100 | 1 |
_aHesse, Stefan, _cDr.-Ing. habil. |
|
| 245 | 1 | 0 |
_aRobotertechnik / _cStefan Hesse ; [unter Mitarbeit von W. Sandner, H.-J. Gerhardt und H. Fritzsch ; Gutachter, Johannes Volmer]. |
| 250 | _a1. Aufl. | ||
| 260 |
_aLeipzig : _bBibliographisches Institut Leipzig, _cc1987. |
||
| 300 |
_a400 p., 24 p. of plates : _bill. ; _c20 cm. |
||
| 490 | 0 | _aBI-Taschenlexikon | |
| 504 | _aBibliography: p. [396]-400. | ||
| 650 | 0 |
_aRobotët _xDictionaries _xGerman. |
|
| 942 |
_2udc _cBK |
||
| 999 |
_c62 _d62 |
||